[Event "Landesliga U20 Sued 1011"]
[Site "Bayern"]
[Date "2011.04.02"]
[Round "6.1"]
[White "Ermatov, Arthur"]
[Black "Plank, Michael"]
[Result "0-1"]
[WhiteElo "1674"]
[BlackElo "1895"]
[PlyCount "48"]
[EventDate "2010.10.16"]
[EventType "team-tourn"]
[EventRounds "7"]
[EventCountry "GER"]
[SourceTitle "EXT 2022"]
[Source "ChessBase"]
[SourceDate "2021.10.06"]
[SourceVersion "1"]
[SourceVersionDate "2021.10.06"]
[SourceQuality "1"]
[WhiteTeam "Muenchen Tarrasch U20"]
[BlackTeam "Nittenau U20"]
[WhiteTeamCountry "GER"]
[BlackTeamCountry "GER"]

1. e4 c5 2. Nf3 e6 3. d4 cxd4 4. Nxd4 a6 5. Nc3 Qc7 6. Be2 Bc5 7. Be3 Nf6 8. Qd2 d6 9. h4 b5 10. f3 Bb7 11. g4 Nc6 12. Nxc6 Bxe3 13. Qxe3 Qxc6 14. e5 Nxg4 15. Qg5 Nxe5 16. 0-0-0 Qc7 17. Qxg7 0-0-0 18. Bxb5 Rhg8 19. Qxh7 axb5 20. Nxb5 Qc5 21. Nxd6+ Kb8 22. Nxb7 Rxd1+ 23. Rxd1 Qe3+ 24. Kb1 Rg1 0-1